| 000 | 00637nam a2200181Ia 4500 | ||
|---|---|---|---|
| 003 | GCL | ||
| 008 | 140319s9999 xx 000 0 ara d | ||
| 040 |
_aGCL / _cGCL |
||
| 082 | 0 | 4 |
_a233.1 _bح ن |
| 100 | 1 | _aابوعبدالرحيم محمد كمال الدين | |
| 245 | 1 | 0 |
_aنزهة النظر بشرح نخبة الفكر فى مصطلح حديث اهل الاثر / _cابوعبدالرحيم محمد كمال الدين |
| 260 |
_a[S.N] : _bمكتبة التراث الاسلامى ، _c1987 |
||
| 300 | _a99 ص | ||
| 490 | _a | ||
| 650 | 0 | 4 | _aالحديث - شرح |
| 650 | 0 | 4 | _aالحديث - رواية |
| 942 |
_2ddc _cBK |
||
| 999 |
_c53774 _d53774 |
||